00855nam a2200241 i 4500001000700000003000900007005001700016007000300033008004100036080002300077080002500100100003100125245011500156260005900271300002600330490005400356504003400410650002100444651003200465710003900497830005400536852002300590127113ES-MaACL20250806062541.0t|161130s2012 sp |||| | spa d a352(460.27 M.)"12" a94(460.27 M.)"11/12"1 aHuertas Vázquez, Eduardo13aEl orden jurídico medieval y el derecho local del Madrid de San Isidro / cpor Eduardo L. Huertas Vázquez. aMadrid : bInstituto de Estudios Madrileños, c2012. aP. 263-288 ; c24 cm.1 aCiclo de conferencias: San Isidro y Madrid ; v14 aReferencias bibliográficas.04aFueros-zMadrid. 4aMadrid-xHistoria-yS.V-XV.2 aInstituto de Estudios Madrileños0 aCiclo de conferencias: San Isidro y Madrid ; v14 aES-MaACLj2333-F-8